Statistics for Fifa 18 50 Best Premier League Players

Click here to take the quiz!

General Stats

  • This quiz has been taken 78 times
  • The average score is 32 of 50

Answer Stats

Rating Nation Answer % Correct
89ArgentinaSergio Aguero
100%
90BelgiumEden Hazard
98%
89ChileAlexis Sanchez
95%
90SpainDavid De Gea
93%
89BelgiumKevin De Bruyne
93%
83EgyptMohamed Salah
90%
84PortugalBernardo Silva
88%
87SpainDavid Silva
86%
83PortugalAdrien Silva
86%
84SenegalSadio Mane
86%
89BelgiumThibaut Courtois
84%
86EnglandHarry Kane
84%
86Czech RepublicPetr Cech
83%
83AlgeriaRiyad Mahrez
83%
86BelgiumRomelu Lukaku
83%
88GabonPierre-Emerick Aubameyang
81%
88GermanyMesut Ozil
81%
87FrancePaul Pogba
81%
87FranceN'Golo Kante
78%
87DenmarkChristian Eriksen
78%
83BrazilRoberto Firmino
76%
83EcuadorAntonio Valencia
71%
85ArmeniaHenrikh Mkhitaryan
71%
85BelgiumVincent Kompany
71%
84EnglandDele Alli
69%
88FranceHugo Lloris
69%
86BelgiumToby Alderweireld
66%
85BelgiumJan Vertonghen
66%
83NetherlandsVirgil Van Dijk
62%
83Ivory CoastYaya Toure
60%
86SpainCesc Fabregas
59%
85FranceAlexandre Lacazette
57%
84Ivory CoastEric Bailly
53%
84SpainJuan Mata
53%
88SwedenZlatan Ibrahimovic
53%
86BrazilDavid Luiz
52%
85SpainCesar Azpilicueta
50%
85GermanyIlkay Gundogan
48%
84SpainAlvaro Morata
48%
84FranceLaurent Koscielny
47%
84GermanyShkodran Mustafi
41%
83CameroonJoel Matip
41%
84EnglandGary Cahill
40%
84SpainAnder Herrera
40%
84BrazilWillian
38%
83EnglandAdam Lallana
34%
84SpainPedro
26%
84FranceAymeric Laporte
22%
83SenegalIdrissa Gueye
21%
83FranceMorgan Schneiderlin
10%

Score Distribution

Percentile by Number Answered

Percent of People with Each Score

Your Score History

You have not taken this quiz